| 000 | 01465nam0a2200349 4500 | ||
|---|---|---|---|
| 001 | RU\NLR\bibl\791547 | ||
| 005 | 20250614122645.0 | ||
| 010 |
_a5-7024-1889-1 _945000 |
||
| 021 |
_aRU _b2004-79499 _93921 |
||
| 035 | _aRSL-KNO-002555959 | ||
| 035 | _a(NLR Aleph) 000780787 | ||
| 090 |
_a1060721 _c1060721 |
||
| 100 | _a20041223d2005 |||y0rusy50 ca | ||
| 101 | 1 |
_arus _cund |
|
| 102 | _aRU | ||
| 105 | _ay ||||||||| | ||
| 106 | _ar | ||
| 200 | 1 |
_aПосле дождя _eроман _e[пер.] _fМаргарет Мюр |
|
| 210 |
_aМ. _cПанорама _d2005 [т.е. 2004] |
||
| 215 |
_a189,[1] с. _d17 |
||
| 225 | 1 |
_aПанорама романов о любви _eПериод. лит.-худож. альм. _v05-021 |
|
| 300 | _aКн. фактически изд. в 2004 г. | ||
| 610 | 0 | _aФилологические науки. Художественная литература -- Великобритания -- Английская литература -- с 1945 г. -- Произведения художественной литературы -- Художественная проза -- Романы. Повести. Рассказы | |
| 686 |
_aШ5(4Вл)62-644 _2rubbk |
||
| 686 | _aШ6(4Вл)67-440.4{Лх1299-50} | ||
| 700 | 1 |
_aМюр _bМ. _gМаргарет _4070 |
|
| 801 | 0 |
_aRU _bRuMoRKP _c20041223 _grcr |
|
| 801 | 1 |
_aRU _bRuMoRGB _c20041223 |
|
| 801 | 2 |
_aRU _bNLR _c20050422 _gPSBO |
|
| 942 | _cBOOK | ||
| 980 | _aNB | ||